En el entorno del derecho común

Wedi'i Gadw mewn:
Manylion Llyfryddiaeth
Prif Awdur: García y García, Antonio (Awdur)
Fformat: Llyfr
Iaith:Sbaeneg
Ffrangeg
Cyhoeddwyd: Madrid Dykinson 1999
Pynciau:
Tagiau: Ychwanegu Tag
Dim Tagiau, Byddwch y cyntaf i dagio'r cofnod hwn!

MARC

LEADER 00000nam a2200000 a 4500
001 UCO7861
003 CL-VaPUC
008 001124e19990000SP |||||||||||||||||spa|d
041 0 7 |a spa  |2 CL-VaPUC 
041 0 7 |a fre  |2 CL-VaPUC 
082 0 4 |a 340.09  |b GAR  |2 21 
100 |a García y García, Antonio  |e author  |9 620175 
245 1 0 |a En el entorno del derecho común 
300 |a 253 p 
942 |c BK 
945 |d 20001124 00:00:00  |a vberengu 
260 |a Madrid  |b Dykinson  |c 1999 
650 7 |a DERECHO CANONICO  |2 CL-VaPUC  |9 452611 
650 0 |a Derecho natural   |9 255041 
650 0 |a Enseñanza del derecho  |9 354184 
650 0 |a Historia del derecho  |9 255109 
650 0 |a Pedagogía jurídica  |9 380883 
650 0 |a Teoría jurídica  |9 345880 
583 |a last modification  |c 20161026 12:24:45  |k Rodrigo Vera 
999 |c 292705  |d 292703 
952 |0 0  |1 0  |4 0  |6 340_090000000000000_GAR_1999  |7 0  |8 DER_HIS  |9 343760  |a BIBDER  |b BIBDER  |d 2019-11-20  |i 3670201  |o 340.09 GAR 1999  |p 3670201  |r 2023-01-25  |w 2019-11-20  |x Ubicación 4to Piso  |y BK  |z Estos recursos deben solicitarse con anticipación  |k DER